El Catalanisme i la gran guerra (1914-1918) : antologia / edició a cura de David Martínez Fiol antologia / edició a cura de David Martínez Fiol
Descripción Física:
165 p. ; 20 cm
Otros Autores:
Martínez Fiol, David, ed
MARC
| LEADER | 00000nam a2200000Ia 4500 | ||
|---|---|---|---|
| 001 | 8396 | ||
| 008 | 160829s1988 xx 000 0 cat d | ||
| 080 | |a M-2-243 | ||
| 245 | |a El Catalanisme i la gran guerra (1914-1918) : |b antologia / edició a cura de David Martínez Fiol | ||
| 260 | |a Barcelona : |b La Magrana : |b Diputació de Barcelona, |c 1988 | ||
| 300 | |a 165 p. ; |c 20 cm | ||
| 490 | |a Biblioteca dels clàssics del nacionalisme català ; 21 | ||
| 650 | |a Nacionalisme |x Catalunya |x Història |x S. XX |9 33308 | ||
| 650 | |a Guerra Mundial I, 1914/1918 |x Catalunya |9 33309 | ||
| 700 | |a Martínez Fiol, David, ed. |9 33310 | ||
| 901 | |a Arxiu | ||
| 942 | |n 1 | ||
| 952 | |0 0 |1 0 |4 0 |6 M2243 |7 1 |9 46262 |a Arxiu |b Arxiu |d 2016-12-01 |l 0 |o M-2-243 |p 8396 |r 2016-12-01 00:00:00 |w 2016-12-01 |y ARXIU | ||
| 999 | |c 49764 |d 49764 | ||